000 00448nam a2200133Ia 4500
008 231129s2007||||xx |||||||||||||| ||spa||
020 _a978-84-96791-41-1
040 _bspa
082 _aI823.91 Q31
245 0 _aQué pasará en Harry Potter 7: Quién vive quién muere quién se enamora y cómo terminará la aventura? / Ben Schoen... /et al.
260 _c2007
264 _aRocaeditorial
942 _2ddc
_cBKS
999 _c23603
_d23603